Statistiques concernant Drapeaux de pays par ordre alphabétique de A à Z

Cliquez ici pour prendre le quiz!

Statistiques générales

  • Ce quiz a été pris 361 fois
  • Le résultat moyen est 18 sur 24

Statistiques - réponses

Réponse% Correct
Inde
97%
Danemark
96%
Jamaïque
95%
Qatar
94%
Égypte
92%
Pakistan
91%
Ukraine
91%
Macédoine
90%
Cambodge
89%
Kazakhstan
86%
Fidji
84%
Laos
84%
Haïti
80%
Oman
77%
Afghanistan
75%
Gabon
75%
Bahamas
74%
Namibie
74%
Yémen
74%
Zambie
74%
République centrafricaine
63%
Tadjikistan
58%
Saint-Kitts-et-Nevis
6%
Vanuata
3%

Distribution des résultats

Percentile par nombre de réponses

% des personnes avec chaque résultat

Votre développement - résultats

Vous n’avez pas pris ce quiz